CLASH ROYALE SONGS - Statistiques

Statistiques générales
  • Ce quiz a été pris 502 fois
  • Le résultat moyen est 4 sur 5
Statistiques - réponses
Question Réponse % Correct
Qu'elle est le bruit du bouliste BOUWWWWLISTEE
94%
Qu'elle est le bruit du chevaucheur de cochon HOGGGGG RIDERRRR
92%
Qu'elle est le bruit du mini pekka PANCAKESSSSSSSSSS
87%
Qu'elle est le bruit du bucheron ? GLOUP GLOUP HAHAHAHA
68%
Qu'elle est le bruit du sorcier de glace ? HOTAPETE
62%
Aucun quiz correspondant
Distribution des résultats
% des personnes avec chaque résultat
Percentile par nombre de réponses
Votre historique - résultats
Vous n’avez pas pris ce quiz